Flags of Italian States in 1848 - Statistics

General Stats
  • This quiz has been taken 77 times
  • The average score is 5 of 8
Answer Stats
Picture Answer % Correct
Papal States
97%
Republic of San Marino
92%
Kingdom of Sardinia
82%
Kingdom of the Two Sicilies
72%
Grand Duchy of Tuscany
66%
Duchy of Modena and Reggio
48%
Duchy of Parma and Piacenza
48%
Kingdom of Lombardy-Venetia (Austria)
15%
No matching quizzes found
Score Distribution
Percent of People with Each Score
Percentile by Number Answered
Your Score History
You have not taken this quiz